000 00458pab a2200169 454500
008 180718b2001 xxu||||| |||| 00| 0 eng d
100 _aBhagat, R.B.
245 _aRelationship between family size and farm size: India and other developing countries
260 _c2001
300 _ap.12-22
362 _aSep
650 _aFarm size - India
650 _aFamily size - India
650 _aFamily size
773 _aMan and Development
909 _a50156
999 _c50156
_d50156